00795pam a2200253 a 4500001000800000005001700008008004100025010001700066020001500083040002300098041000800121060001700129080001500146082001900161100000600180101000800186245008800194504004100282740003000323906004500353942001200398999001700410952011400427291090720180314043104.0880722s1990 paua b 001 0 eng c a 88023827  a0721622291 aDNLM/DLCcDLCdDLC aeng aWS 100 T3553 a618.92 BEH00a618.92 BEH219 a8 aPED00aNelson essentials of pediatrics /c[edited by] Richard E. Behrman, Robert Kliegman. aIncludes bibliographical references.0 aEssentials of pediatrics. a7bcbccorignewd1eocipf19gy-gencatlg 2ddccBK c44937d44937 00102udc40708PËKGa002b002cPËKGd2018-03-14l0o618.92 BEHp002-3001117r2018-03-14w2018-03-14yBK